000 00788nam a22002177a 4500
999 _c2145
_d2145
003 AR-CdUCM
008 190304b ||||| |||| 00| 0 spa d
040 _aMUNICIPALIDAD PROVINCIAL DEL CUSCO
_cBIBLIOTECA MUNICIPAL DEL CUSCO
041 _heng
082 _a810.9 /
_bS75
100 _aE. Spiller, Robert
_97730
245 _aTiempo de cosecha :
_bLiteratura Norteamericana: 1910 - 1960
260 _aBuenos Aires :
_bNova,
_c1962.
300 _a236 páginas ;
_c17 cm.
505 _aRe descubrimiento crítico de Estados Unidos -- La Herencia del Folklore -- El Renacimiento en la Poesía -- La Sociedad y la Novela -- La Rebelión desde Broadway...
650 _aLiteratura
_983
650 _aNorteamérica
_95078
650 _aSiglo XX
_98
942 _2ddc
_cLIBROS
945 _ddmma